Lịch sử văn học Việt Nam. Sách dùng trong các trường Đại học Sư phạm / t.IVA, Văn học viết : Thời kỳ II. Giai đoạn II : 1858 - Đầu thế kỷ XX - 1930 :

Saved in:
Bibliographic Details
Main Author: Lê Trí Viễn.
Other Authors: Nguyễn Đình Chú.
Format: Book (Paper)
Language:Vietnamese
Published: H. : Giáo dục, 1978
Tags: Add Tag
No Tags, Be the first to tag this record!
Institutions: Thư viện Trường Đại học Đà Lạt
LEADER 00854nam a2200301 4500
001 DLU140160077
003 ##DLU
005 ##20140224
040 # # |a DLU  |b vie 
041 # # |a vie 
044 # # |a vn 
082 # # |a 895.922  |b LE-V 
100 # # |a Lê Trí Viễn. 
245 # # |a Lịch sử văn học Việt Nam.  |n t.IVA,  |p Văn học viết :  |p Thời kỳ II. Giai đoạn II :  |p 1858 - Đầu thế kỷ XX - 1930 :  |b Sách dùng trong các trường Đại học Sư phạm /  |c Lê Trí Viễn, Nguyễn Đình Chú. 
260 # # |a H. :  |b Giáo dục,  |c 1978 
300 # # |a 137 tr. ;  |c 21 cm 
700 # # |a Nguyễn Đình Chú. 
990 # # |a t. IV,a 
992 # # |a 0 
994 # # |a DLU 
900 # # |a True 
911 # # |a Nguyễn Thị Tưởng 
925 # # |a G 
926 # # |a A 
927 # # |a SH 
980 # # |a Thư viện Trường Đại học Đà Lạt